000 00495ntaaa2200193 4500
003 01
005 20251027202031.0
008 0714s1973 ag 01
040 _aAR-BaBN
_bspa
_cAR-BaBN
_eaacr
_dRIC
082 _a249.0000 Or7a
100 _aOrr, William W
_99586
245 _aAdoracion en el hogar
250 _a1 ed.
260 _aMéxico :
_bEdiciones Las Americas,
_c1975
300 _a32 p ;
_c22 cm
650 _aculto familiar
650 _afamilia-vida religiosa
_910630
942 _cBK
999 _c15117
_d15117